Responses for Show #6134 - Thursday, April 21, 2011

Brian Meacham game 1.

Contestants

[<< previous game]

Beth Miller, an insurance filings analyst from Seattle, Washington

Brian Meacham, a film preservationist originally from Anchorage, Alaska

Robin Woolsey, a high school English teacher from Oxford, Alabama (whose 1-day cash winnings total $5,500)

[next game >>]

Jeopardy! Round responses

DAVY CROCKETT
MOVIE NICKNAMES
STATE / PRISON
(Alex: We'll give you the prisons. You give us the state.)
AIRLINE LINGO
GEOGRAPHY
FILL E_____R UP
    $200 1
Tennessee

Robin
    $200 11
Animal House

Brian
    $200 6
New York

Robin
    $200 26
connection time

Brian
    $200 21
Russia

Brian
    $200 16
Easter

Robin
    $400 2
Betsy

Robin
    $1,000 12
The Italian Stallion

Brian
    $400 7
Illinois

Brian
    $400 27
a Deadhead

Brian
    $400 22
Africa

Robin
    $400 17
an educator

Beth
    $600 3
Texas

Robin
    $600 13
Mr. Pink

Brian
    $600 8
Minnesota

Robin
    $600 28
a full body scan

Beth
    $600 23
12 hours

Brian
    $600 18
the employer

Beth
    $800 4
Santa Anna

Robin
    $800 14
Guys and Dolls

Beth
    $800 9
Massachusetts

Brian
    $800 29
a layover

Brian
    $800 24
the North Sea

Brian
    $800 19
an elector

Robin
    $1000 5
Andrew Jackson

Robin
    $1000 15
Gomer Pyle

Beth
    $1000 10
(Beth: What is Louisiana?)

California

Beth
Triple Stumper
    $1000 30
a holding pattern

Brian
    $1000 25
Sri Lanka

Brian
    $1000 20
(Beth: What is a "Widowmaker"?)

"Equalizer"

Beth
Triple Stumper

Scores at the first commercial break (after clue 15):

Robin Brian Beth
$3,800 $3,000 $800

Scores at the end of the Jeopardy! Round:

Robin Brian Beth
$5,200 $8,000 $1,400

Double Jeopardy! Round responses

SOUTHERN FLORA & FAUNA
WHICH SPORTING VENUE?
RESORTS
LIVRES EN FRANCAIS
I'M GETTING MARRIED!
IN THE "MORNING"
    $400 20
the magnolia

Robin
    $400 6
Fenway

Beth
    $400 25
the British Virgin Islands

Brian
    $400 1
The World According to Garp

Brian
    $400 11
Eva Braun

Beth
    $400 16
Good Morning, Vietnam

Beth
    $800 21
Florida

Triple Stumper
    $800 7
Wimbledon

Brian
    $800 26
casino

Brian
    $800 2
Love in the Time of Cholera

Brian
    $800 12
Caroline Kennedy

Beth
    $800 17
the morning line

Brian
    $1200 22
knees

Triple Stumper
    $1200 8
The Indianapolis Motor Speedway

Brian
    $1200 27
the Catskills

Robin
    $1200 3
The Naked and the Dead

Brian
    $1200 13
Carole Lombard

Beth
    $1200 18
(Brian: What is Morning Joe?)

American Morning

Brian
Triple Stumper
    $1600 23
a nutria

Brian
    $1600 9
Augusta

Triple Stumper
    $3,000 29
Sandals

Brian
    $1600 4
The House of the Seven Gables

Brian
    $3,000 14
(Beth: Who is Cleopatra?)

Socrates

Beth
    $1600 19
Marjorie Morningstar

Robin
    $2000 24
epiphyte

Triple Stumper
    $2000 10
Cowboys Stadium

Triple Stumper
    $2000 30
Bali

Brian
    $2000 5
The Chamber

Triple Stumper
    $2000 15
George Stephanopoulos

Triple Stumper
    $2000 28
the Sydney Morning Herald

Brian

Scores at the end of the Double Jeopardy! Round:

Robin Brian Beth
$8,400 $23,400 $1,600
(lock game)

[wagering suggestions for these scores]

Final Jeopardy! Round responses

SCIENTISTS
BethWho was Oppenhimer?
$1,500
RobinWho is Robert Goddard?
$1,500
BrianWho is Robert Goddard?
$5,000
Robert Goddard

Final scores:

Robin Brian Beth
$9,900 $28,400 $100
2nd place: $2,000 New champion: $28,400 3rd place: $1,000

Game dynamics:

Coryat scores:

Robin Brian Beth
$8,400 $21,400 $4,600
13 R,
0 W
26 R
(including 2 DDs),
1 W
10 R,
3 W
(including 1 DD)

Combined Coryat: $34,400

[game clues] [game scores] [suggest correction]

Game tape date: 2011-01-21
The J! Archive is created by fans, for fans. Scraping, republication, monetization, and malicious use prohibited; this site may use cookies and collect identifying information. See terms. The Jeopardy! game show and all elements thereof, including but not limited to copyright and trademark thereto, are the property of Jeopardy Productions, Inc. and are protected under law. This website is not affiliated with, sponsored by, or operated by Jeopardy Productions, Inc. Join the discussion at JBoard.tv.